000
00316nam a22001337a 4500
008
181023b xxu||||| |||| 00| 0 eng d
020
_a
2740294080194
041
_a
eng
080
_2
7 ed
_a
610
100
_a
3
101
_a
shm
245
_a
Medical Terminology For Health Profedions
_c
Ann.e
942
_2
udc
_c
BK
999
_c
50588
_d
50588